| 000 | 01105nam a2200325Ia 4500 | ||
|---|---|---|---|
| 001 | 60846 | ||
| 003 | CO-BoRNBP | ||
| 005 | 20260324150132.0 | ||
| 007 | ta | ||
| 008 | 160713s2013 m g 000 f s | ||
| 020 | _a9789581602089 | ||
| 040 |
_aCO-BoRNBP _bspa _erda _cCO-BoRNBP |
||
| 084 | _aN CHA22 | ||
| 100 | 1 |
_aChambers, Aidan _d1934- _969588 |
|
| 245 | 1 | 3 |
_aEl juego de los besos _cAidan Chambers ; traducción Juan Elías Tovar Cross |
| 250 | _aEdición especial | ||
| 264 |
_aMéxico D.F _bFondo Cultural Económico _c2013 |
||
| 300 |
_a178 páginas _c23 cm |
||
| 336 |
_atexto _btxt _2rdacontent |
||
| 337 |
_asin mediación _bn _2rdamedia |
||
| 338 |
_avolumen _bnc _2rdacarrier |
||
| 490 | _aPlan Nacional de Lectura y Escritura Leer es mi Cuento. 2013 | ||
| 534 | _tThe kissing game | ||
| 586 | _aPremio Hans Chistian Andersen, 2002 | ||
| 650 | 1 | 4 |
_2LEMB _aNovela inglesa _ySiglo XX _969589 |
| 650 | 1 | 4 |
_2LEMB _aLiteratura inglesa _ySiglo XX _969590 |
| 650 | 1 | 4 |
_2LEMB _aAdolescentes en la literatura _969591 |
| 700 | 1 |
_aTovar Cross, Juan Elías _etraductor _969592 |
|
| 942 |
_2loc _cBKLIT |
||
| 999 |
_c60846 _d60846 |
||